000 00786nam a22001817a 4500
003 BD-DhUL
005 20160818180121.0
008 160417s1997 bg a|||| |||| 000 0 ben
040 _aBD-DhUL
_cBD-DhUL
082 _a320.092
_bALC
100 1 _aআলম, শাহ্ মুহম্মদ খুরশীদ
245 1 0 _aকর্ণেল (অবঃ) অলি আহমদ বীর বিক্রম :
_cআলম, শাহ্ মুহম্মদ খুরশীদ
_bজীবনের শেষ নেই /
260 _aঢাকা :
_bবাংলাদেশ বইঘর,
_c১৯৯৭।
300 _a৩২৩ পৃ. :
_bচিত্র ;
_c২০ সেমি.
365 _aBDT
_b135.0
600 0 _aআহমদ, অলি - জীবনী
942 _2ddc
_cBK
999 _c99640
_d99640